000
00332nam a2200145Ia 4500
100
_a
Morley A. and others
942
_c
BK
654
_a
electronics
245
_a
Principles of Electronics
260
_b
English language book society
_a
New Delhi
_c
1988
082
_a
337
_b
MOR
300
_a
476
546
_a
ENGLISH
999
_c
28478
_d
28478